Statistics for All 100k Cities In the Four Corner States

Click here to take the quiz!

General Stats

  • This quiz has been taken 64 times
    (63 since last reset)
  • The average score is 16 of 23

Answer Stats

PopulationStateMetro Area% Correct
2,967,239ColoradoDenver
100%
4,948,203ArizonaPhoenix
100%
1,232,696UtahSalt Lake City
98%
918,018New MexicoAlbuquerque
96%
745,791ColoradoColorado Springs
96%
1,047,279ArizonaTucson
96%
648,252UtahProvo
93%
356,899ColoradoFort Collins
85%
326,196ColoradoBoulder
83%
150,500New MexicoSanta Fe
83%
218,195New MexicoLas Cruces
78%
143,476ArizonaFlagstaff
72%
683,846UtahOgden
70%
168,849ColoradoPueblo
65%
213,787ArizonaYuma
61%
154,210ColoradoGrand Junction
57%
324,492ColoradoGreeley
48%
177,573UtahSt George
48%
212,181ArizonaLake Havasu City
41%
123,958New MexicoFarmington
37%
142,165UtahLogan
37%
235,099ArizonaPrescott
31%
125,992ArizonaSierra Vista
22%

Score Distribution

Percentile by Number Answered

Percent of People with Each Score

Your Score History

You have not taken this quiz since the last reset